Countries that pledged the most aid to Ukraine - Statistics

General Stats
  • This quiz has been taken 135 times
  • The average score is 18 of 20
Answer Stats
# Amount Country % Correct
1 71,280€ USA
99%
7 5,500€ Italy
97%
3 9,840€ UK
97%
4 7,810€ France
96%
2 14,680€ Germany
96%
8 5,100€ Poland
96%
9 4,810€ Spain
96%
10 3,790€ Canada
94%
11 2,610€ Sweden
92%
16 1,500€ Finland
91%
12 2,350€ Norway
89%
15 1,620€ Belgium
88%
5 6,610€ Netherlands
88%
6 6,230€ Japan
87%
18 990€ Portugal
85%
17 1,450€ Czech Republic
83%
13 1,860€ Denmark
83%
20 690€ Greece
83%
14 1,800€ Austria
79%
19 790€ Ireland
75%
No matching quizzes found
Score Distribution
Percent of People with Each Score
Percentile by Number Answered
Your Score History
You have not taken this quiz